NFL Jersey Math - Statistics

General Stats
  • This quiz has been taken 10 times
  • The average score is 5 of 20
Answer Stats
Hint Answer % Correct
Walter Payton + Gale Sayers 74
63%
Brett Favre ^ Matt Ryan 16
50%
Lawrence Taylor / John Elway 8
50%
Jerry Rice + Joe Burrow 89
50%
Joe Namath x Terry Bradshaw 144
38%
Barry Sanders x Warren Sapp 1980
38%
Earl Campbell - Amon Ra St. Brown 20
38%
(Patrick Mahomes - Jayden Daniels) x Aiden Hutchinson 970
38%
Dan Marino x Drew Brees 117
25%
Franco Harris - Emmitt Smith + Saquon Barkley 36
25%
Calvin Johnson + Chad Johnson 166
13%
(Peyton Manning + Eli Manning) x Archie Manning 224
13%
(Troy Aikman ^ Dak Prescott) / Joe Montana 256
13%
Jim Zorn ^ Russell Wilson 1000
0%
Rob Gronkowski + Kellen Winslow 167
0%
Jack Tatum + Jim Otto 32
0%
Jack Youngblood - Jim Youngblood 32
0%
Morten Andersen x Adam Vinatieri + Justin Tucker 37
0%
Jim Plunkett - Fran Tarkenton + Warren Moon 7
0%
Mark Gastineau / Micah Parsons 9
0%
No matching quizzes found
Score Distribution
Percent of People with Each Score
Percentile by Number Answered
Your Score History
You have not taken this quiz